Mu'allifīn-i kutub-i chāpī. (Record no. 47954)

MARC details
000 -LEADER
fixed length control field 00584cam a22002291 4500
001 - CONTROL NUMBER
control field ne 65000474
003 - CONTROL NUMBER IDENTIFIER
control field DLC
005 - DATE AND TIME OF LATEST TRANSACTION
control field 20260227111811.0
008 - FIXED-LENGTH DATA ELEMENTS--GENERAL INFORMATION
fixed length control field 890814m19611965xx 000 0 per
010 ## - LIBRARY OF CONGRESS CONTROL NUMBER
LC control number ne 65000474
035 ## - SYSTEM CONTROL NUMBER
System control number (OCoLC)23521169
040 ## - CATALOGING SOURCE
Original cataloging agency DLC
Transcribing agency MiU
Modifying agency DLC
050 00 - LIBRARY OF CONGRESS CALL NUMBER
Classification number PJ7521
Item number .M8
100 1# - MAIN ENTRY--PERSONAL NAME
Personal name Mushār, Khānbābā,
Dates associated with a name 1900 or 1901-
245 10 - TITLE STATEMENT
Title Mu'allifīn-i kutub-i chāpī.
260 ## - PUBLICATION, DISTRIBUTION, ETC.
Date of publication, distribution, etc. [1961/62-65]
300 ## - PHYSICAL DESCRIPTION
Extent 6 v.
Other physical details ports.
Dimensions 25 cm.
504 ## - BIBLIOGRAPHY, ETC. NOTE
Bibliography, etc. note Includes bibliographies.
505 1# - FORMATTED CONTENTS NOTE
Formatted contents note #
650 #0 - SUBJECT ADDED ENTRY--TOPICAL TERM
Topical term or geographic name entry element Authors, Arab.
650 #0 - SUBJECT ADDED ENTRY--TOPICAL TERM
Topical term or geographic name entry element Authors
Geographic subdivision Iran.

No items available.

Powered by Koha